Police brutality in Southern Africa: a human rights perspective (Record no. 82010)

MARC details
000 -LEADER
fixed length control field 01094nam a2200217 a 4500
008 - FIXED-LENGTH DATA ELEMENTS--GENERAL INFORMATION
fixed length control field 071001s2001 ||||||||||||||||| || u
020 ## - INTERNATIONAL STANDARD BOOK NUMBER
International Standard Book Number 998232022X
050 ## - LIBRARY OF CONGRESS CALL NUMBER
Classification number AFRONET(02)2001/1A
110 ## - MAIN ENTRY--CORPORATE NAME
Corporate name or jurisdiction name as entry element Southern African Human Rights NGO Network (SAHRINGON)
245 10 - TITLE STATEMENT
Title Police brutality in Southern Africa: a human rights perspective
260 ## - PUBLICATION, DISTRIBUTION, ETC.
Place of publication, distribution, etc. Lusaka:
Name of publisher, distributor, etc. Afronet
Date of publication, distribution, etc. 2001
300 ## - PHYSICAL DESCRIPTION
Extent iii, 243p.
350 ## -
-- 0.00
650 ## - SUBJECT ADDED ENTRY--TOPICAL TERM
Topical term or geographic name entry element POLICE BRUTALITY--AFRICA, SOUTHERN
650 ## - SUBJECT ADDED ENTRY--TOPICAL TERM
Topical term or geographic name entry element HUMAN RIGHTS--AFRICA, SOUTHERN
650 ## - SUBJECT ADDED ENTRY--TOPICAL TERM
Topical term or geographic name entry element CIVIL RIGHTS--AFRICA, SOUTHERN
650 #7 - SUBJECT ADDED ENTRY--TOPICAL TERM
Topical term or geographic name entry element AFRICA
Source of heading or term fast
995 ## -
-- MAIN LIBRARY OPEN ACCESS
-- 0.00
-- 736992
-- CBU-MAIN LIBRARY (Kitwe)
-- 1
-- 0.00
-- HV 8271.9.A2 Sou
-- 3
-- AVAILABLE
-- Oct 1, 2007
-- 40941
-- Main Library Open Access Collection
995 ## -
-- SPECIAL COLLECTIONS
-- 0.00
-- 45921
-- CBU-MAIN LIBRARY (Kitwe)
-- 1
-- 0.00
-- AFRONET(02)2001/1A
-- 1
-- AVAILABLE
-- Oct 23, 2009
-- 45921
-- International Publications
995 ## -
-- SPECIAL COLLECTIONS
-- 0.00
-- 45922
-- CBU-MAIN LIBRARY (Kitwe)
-- 1
-- 0.00
-- AFRONET(02)2001/1B
-- 2
-- AVAILABLE
-- Oct 23, 2009
-- 45922
-- International Publications
999 ## -
-- 82010
-- 82010
Holdings
Withdrawn status Lost status Source of classification or shelving scheme Damaged status Not for loan Permanent Location Current Location Shelving location Date acquired Total Checkouts Full call number Barcode Date last seen Copy number Price effective from Koha item type
          CBU-MAIN LIBRARY, KITWE. CBU-MAIN LIBRARY, KITWE.   09/12/2023   HV 8271.9.A2 Sou 40941 09/12/2023 1 09/12/2023 MONOGRAPH
          CBU-MAIN LIBRARY, KITWE. CBU-MAIN LIBRARY, KITWE.   09/12/2023   AFRONET(02)2001/1A 45921 09/12/2023 2 09/12/2023 SPECIAL COLLECTION
          CBU-MAIN LIBRARY, KITWE. CBU-MAIN LIBRARY, KITWE.   09/12/2023   AFRONET(02)2001/1B 45922 09/12/2023 3 09/12/2023 SPECIAL COLLECTION